• 首页
  • 本馆介绍
  • 公告通知
  • 最新文献
  • 馆藏检索
  • 电子资源
  • 读者导购
  • 参考咨询
  • 我的图书馆
  • 登录
  • 详细信息显示
  • 放入我的书架
  • 预约/预借图书
  • 作者相关作品
  • 分类相关作品
  • 丛书相关作品
  • 出版社相关作品

书目信息

  • 表格格式
  • 工作单格式
  • 卡片格式
题名:
舞蹈艺术欣赏
    
 
作者: 盛文林 编著
分册:  
出版信息: 北京   北京工业大学出版社  2014.01
页数: 248页
开本: 24cm
丛书名: 艺术与人文修养
单 册:
中图分类: J705.1
科图分类:
主题词: 舞蹈艺术--鉴赏--世界 , 舞蹈艺术
电子资源:
ISBN: 978-7-5639-3707-3
000 00984oam2 2200277 450
001 0120131197785
005 20140610163629.90
010    @a978-7-5639-3707-3@dCNY28.00
100    @a20131226d2014 em y0chiy0110 ea
101 0  @achi
102    @aCN@b110000
105    @aa z 000yy
106    @ar
200 1  @a舞蹈艺术欣赏@9wu dao yi shu xin shang@f盛文林编著
210    @a北京@c北京工业大学出版社@d2014.01
215    @a248页@c图,照片@d24cm
225 2  @a艺术与人文修养
330    @a本书以舞蹈流派为线索,分别描述了特色鲜明的古典舞、多姿多彩的民间舞、绚丽典雅的芭蕾舞、超凡脱俗的现代舞和彰显时代精神的当代舞,将全新的视角、精炼的语言、经典的作品、新颖的版式等多种元素有机结合,为读者呈现出一场精彩的视听盛宴。
333    @a舞蹈艺术爱好者
461  0 @12001 @a艺术与人文修养
606 0  @a舞蹈艺术@x鉴赏@y世界
606 0  @a舞蹈艺术
690    @aJ705.1@v5
701  0 @a盛文林@9sheng wen lin@4编著
801  0 @aCN@b人天书店@c20131226
905    @b845537-41@dJ705.1@e126@f5
    
    舞蹈艺术欣赏/盛文林编著.-北京:北京工业大学出版社,2014.01
    248页:图,照片;24cm.-(艺术与人文修养)
    使用对象:舞蹈艺术爱好者
    
    ISBN 978-7-5639-3707-3:CNY28.00
    本书以舞蹈流派为线索,分别描述了特色鲜明的古典舞、多姿多彩的民间舞、绚丽典雅的芭蕾舞、超凡脱俗的现代舞和彰显时代精神的当代舞,将全新的视角、精炼的语言、经典的作品、新颖的版式等多种元素有机结合,为读者呈现出一场精彩的视听盛宴。
●
相关链接 在E读中查询图书 在五车中查询图书 在当当中查询图书 在豆瓣中查询图书


正题名:舞蹈艺术欣赏     索取号:J705.1/126         预约/预借

序号 登录号 条形码 馆藏地/架位号 状态 备注
1 845537   208455376   第一样本阅览室/ [索取号:J705.1/126] 在馆    
2 845538   208455385   第一借阅区/ [索取号:J705.1/126] 在馆    
3 845539   208455394   第一借阅区/ [索取号:J705.1/126] 在馆    
4 845540   208455401   第一借阅区/ [索取号:J705.1/126] 在馆    
5 845541   208455410   密集书库-美术系/ [索取号:J705.1/126] 在馆    
唐山师范学院图书馆 欢迎您!
大连网信软件有限公司© 版权所有